| 000 | 00391pab a2200145 454500 | ||
|---|---|---|---|
| 008 | 180718b1985 xxu||||| |||| 00| 0 eng d | ||
| 100 | _aSarma, K. Ramakrishna | ||
| 245 | _aRole of public sector in trade in some developing countries | ||
| 260 | _c1985 | ||
| 300 | _a37-47 | ||
| 362 | _aJune | ||
| 650 | _aGovernment Enterprise - Underdeveloped Areas | ||
| 773 | _aLok Udyog | ||
| 909 | _a9383 | ||
| 999 |
_c9383 _d9383 |
||